Computer Networking (Record no. 209231)
[ view plain ]
| 000 -LEADER | |
|---|---|
| fixed length control field | 00300 a2200121 4500 |
| 003 - CONTROL NUMBER IDENTIFIER | |
| control field | Nust |
| 005 - DATE AND TIME OF LATEST TRANSACTION | |
| control field | 20170207164544.0 |
| 040 ## - CATALOGING SOURCE | |
| Transcribing agency | Nust |
| 245 ## - TITLE STATEMENT | |
| Title | Computer Networking |
| Remainder of title | Principles, Protocols and Practice |
| Statement of responsibility, etc. | Olivier Bonaventure |
| 260 ## - PUBLICATION, DISTRIBUTION, ETC. | |
| Name of publisher, distributor, etc. | The Saylor Foundation |
| Date of publication, distribution, etc. | 2011. |
| 300 ## - PHYSICAL DESCRIPTION | |
| Extent | 282p |
| 500 ## - GENERAL NOTE | |
| General note | E Book |
| 942 ## - ADDED ENTRY ELEMENTS (KOHA) | |
| Source of classification or shelving scheme | |
| Koha item type | Book |
| Withdrawn status | Lost status | Source of classification or shelving scheme | Damaged status | Not for loan | Collection code | Permanent Location | Current Location | Date acquired | Total Checkouts | Barcode | Date last seen | Price effective from | Koha item type |
|---|---|---|---|---|---|---|---|---|---|---|---|---|---|
| Military College of Signals (MCS) | Military College of Signals (MCS) | 12/12/2016 | MCSEB-1068 | 12/08/2016 | 12/12/2016 | Book |
